MARC

LEADER 00000nam0a2200000 4500
001 25459
005 20231030200955.0
010 |a 5845900859 
035 |a (RuTPU)RU\TPU\book\25695 
035 |a BOOK00000034 
090 |a 25459 
100 |a 20011209d2000 m y0rusy50 ca 
101 1 |a rus  |c eng 
102 |a RU  |a UA 
105 |a y j 000zy 
200 1 |a Практика менеджмента  |e учебное пособие  |e пер. с англ.  |f П. Ф. Друкер 
210 |a Москва  |c Вильямс  |a СПб.  |a Киев  |d 2000 
210 |a СПб. 
210 |a Киев 
215 |a 397 с. 
451 1 |0 (RuTPU)RU\TPU\book\50936  |y 5-8459-0085-9  |t Практика менеджмента  |o пер. с англ.  |f П. Ф. Друкер  |c М.  |n Вильямс  |d 2002  |p 398 с.  |s Classic Drucker  |a Друкер, Питер Ф. 
610 1 |a экономика 
610 1 |a управление 
610 1 |a менеджмент 
610 1 |a руководитель 
610 1 |a компании 
610 1 |a фирмы 
610 1 |a Forol 
610 1 |a IBM 
610 1 |a история 
610 1 |a кадры 
610 1 |a персонал 
610 1 |a учебные пособия 
686 |a У821я73  |v LBC/SL-A  |2 rubbk 
700 1 |a Друкер  |b П. Ф.  |g Питер Ф. 
801 0 |a RU  |b 63413507  |c 20011209  |g PSBO 
801 2 |a RU  |b 63413507  |c 20121017  |g PSBO 
900 |a Менеджмент 
900 |a Менеджмент и маркетинг в связях с общественностью 
942 |c BK